| 000 | 00647nam a2200169Ia 4500 | ||
|---|---|---|---|
| 008 | 110201s9999 xx 000 0 und d | ||
| 082 |
_bB10665 _aS 2071 |
||
| 100 | _aभागवत दुर्गा | ||
| 245 | _aकौटिलीय अर्थशास्त्र | ||
| 260 | _bवरदा बुक्स सेनापती बापट मार्ग | ||
| 365 | _b450 | ||
| 600 | _aभागवत दुर्गा | ||
| 630 | _aकौटिलीय अर्थशास्त्र | ||
| 700 | _aभागवत दुर्गा | ||
| 730 | _aकौटिलीय अर्थशास्त्र | ||
| 942 | _cBOOK | ||
| 999 |
_c836062 _d836059 |
||